00961cam a2200265 a 45000010008000000030004000080050017000120080041000290100017000700200025000870400018001120500018001300820024001481000028001722450134002002600046003343000027003804900033004075040039004405050049004796500037005287000030005657000064005958300036006593805278OSt20210204164746.0850719s1986 oru b 001 0 eng  a 85015470  a088070103X :c$10.95 aDLCcDLCdDLC00aBX2349bH656T00a248.4/82219bH656T1 aHilton, Walter,d-1396.10aToward a perfect love :bthe spiritual counsel of Walter Hilton /cWalter Hilton ; translated and introduced by David L. Jeffrey. aPortland, Or. :bMultnomah Press,cc1985. axxix, 182 p. ;c22 cm.1 aClassics of faith & devotion aIncludes bibliographies and index.0 aLetters to a layman -- Coming to perfection. 0aSpiritual lifexCatholic Church.1 aJeffrey, David L.,d1941-12aHilton, Walter,d-1396.tEpistle on the medled life.f1985. 0aClassics of faith and devotion.